| 000 | 00374nam a2200133Ia 4500 | ||
|---|---|---|---|
| 008 | 211118s9999||||xx |||||||||||||| ||und|| | ||
| 082 |
_a658.15 _bVAN-F |
||
| 100 | _aVan Horne, James C | ||
| 245 | 0 | _aFinancial Management and Policy | |
| 260 |
_bPearson Education _aDelhi _c2001 |
||
| 630 | _xMBA LIBRARY | ||
| 650 |
_atechnology _vgeneral managementManagement |
||
| 942 | _cBOOK | ||
| 999 |
_c98505 _d98505 |
||